000 00840nam a2200253 i 4500
001 95036
003 ES-MaACL
005 20250804004819.0
007 t|
008 050520s1969 sp ||||1| spa d
100 0 _aHolz, Hans Heinz.
_964092
245 1 0 _aConversaciones con Lukács /
_cHans Heinz Holtz, Leo Kofler, Wolfgang Abendroth; [traducción Jorge Deike y Javier Abásolo].
260 _aMadrid :
_bAlianza,
_c1969.
300 _a211 p. ;
_c18 cm.
490 1 _aLibro de bolsillo ;
_v190
600 1 4 _aLukács, György,
_d1885-1971
_974718
700 1 _aKofler, Leo.
_968465
700 1 _aAbendroth, Wolfgang,
_918084
700 1 _aDeike, Jorge.
_943256
700 1 _aAbásolo, Javier,
_917981
830 0 3 _aEl libro de bolsillo
_v190
_9177802
852 _aES-MaACL
_jC-36508
_bR.70664
999 _c95036
_d95036